Bioinformatics computing / (Record no. 676)
[ view plain ]
| 000 -LEADER | |
|---|---|
| fixed length control field | 00723nac a22002291u 4500 |
| 010 ## - | |
| -- | 2002038177 |
| 020 ## - INTERNATIONAL STANDARD BOOK NUMBER | |
| International Standard Book Number | 0131008250 (pbk.) |
| 020 ## - INTERNATIONAL STANDARD BOOK NUMBER | |
| International Standard Book Number | 8120322584 |
| 082 00 - DEWEY DECIMAL CLASSIFICATION NUMBER | |
| Classification number | 572.8 |
| Item number | B4967 |
| 090 ## - LOCALLY ASSIGNED LC-TYPE CALL NUMBER (OCLC); LOCAL CALL NUMBER (OCLC) | |
| -- | 676 |
| -- | 676 |
| 100 ## - MAIN ENTRY--PERSONAL NAME | |
| Personal name | Bergeron, Bryan P. |
| 245 10 - TITLE STATEMENT | |
| Title | Bioinformatics computing / |
| Statement of responsibility, etc | Bryan Bergeron. |
| 260 ## - | |
| -- | New Delhi : |
| -- | Prentice Hall of India, |
| -- | c2003. |
| 300 ## - PHYSICAL DESCRIPTION | |
| Extent | xxii, 439 p. : |
| Other physical details | ill. ; |
| Dimensions | 24 cm. |
| 336 ## - CONTENT TYPE | |
| Source | rdacontent |
| Content type term | text |
| Content type code | txt |
| 337 ## - MEDIA TYPE | |
| Media type term | unmediated |
| Source | rdamedia |
| Media type code | n |
| 338 ## - CARRIER TYPE | |
| Carrier type term | volume |
| Carrier type code | nc |
| Source | rdacarrier |
| 504 ## - BIBLIOGRAPHY, ETC. NOTE | |
| Bibliography, etc | Includes bibliographical references (p. 419-427). |
| 650 #0 - SUBJECT ADDED ENTRY--TOPICAL TERM | |
| Topical term or geographic name as entry element | Molecular biology |
| General subdivision | Data processing. |
| 650 #0 - SUBJECT ADDED ENTRY--TOPICAL TERM | |
| Topical term or geographic name as entry element | Bioinformatics. |
| 942 ## - ADDED ENTRY ELEMENTS (KOHA) | |
| Koha item type | Book - Borrowing |
| Call number prefix | 572.8B4967 |
| Classification part | RDA-MOD |
| Withdrawn status | Lost status | Source of classification or shelving scheme | Damaged status | Not for loan | Collection code | Home library | Current library | Shelving location | Date acquired | Source of acquisition | Cost, normal purchase price | Total Checkouts | Full call number | Barcode | Date last seen | Date checked out | Cost, replacement price | Price effective from | Koha item type |
|---|---|---|---|---|---|---|---|---|---|---|---|---|---|---|---|---|---|---|---|
| Dewey Decimal Classification | Central Library | Central Library | First floor | 24/07/2006 | 100.00 | 1 | 572.8 BER | 000003929 | 15/07/2025 | 06/06/2010 | 125.00 | 24/07/2006 | Book - Borrowing |